| 000 | 03010nam a22003738i 4500 | ||
|---|---|---|---|
| 003 | StDuBDS | ||
| 005 | 20240422122635.0 | ||
| 006 | m|||||o||d|||||||| | ||
| 007 | cr ||||||||||| | ||
| 008 | 240216s2024 enka fo 000|0 eng|d | ||
| 020 | _a9781040010228 (PDF ebook) : | ||
| 050 | 4 |
_aTA538.G7 _bL4 2024 |
|
| 082 | 0 | 4 |
_a526.9076 _223 |
| 100 | 1 |
_aLemen, Jennifer, _eauthor. |
|
| 245 | 1 | 0 |
_aMandatory competencies _bAPC essentials / _cJen Lemen. _h[electronic resource] : |
| 263 | _a202404 | ||
| 264 | 1 |
_aLondon : _bRoutledge, _c2024. |
|
| 300 |
_a1 online resource (194 pages) : _billustrations (black and white) |
||
| 336 |
_atext _2rdacontent |
||
| 336 |
_astill image _2rdacontent |
||
| 337 |
_acomputer _2rdamedia |
||
| 338 |
_aonline resource _2rdacarrier |
||
| 366 | _b20240418 | ||
| 520 | 8 |
_aThis handy guide tells you everything you need to know about the RICS mandatory competencies when studying for your APC or your university exams. 'Mandatory Competencies' is relevant to candidates on all APC pathways and a useful reference for qualified surveyors and property professionals. _bMandatory Competencies: APC Essentials is the first book in a new series designed to cover what any RICS APC (and AssocRICS) candidate or qualified surveyor needs to know about the mandatory competencies.Written by Jennifer Lemen, author of How to Become a Chartered Surveyor and co-founder of one of the UKs market leading APC training providers, Property Elite, this guide is packed full of bite sized information covering: Ethics, Rules of Conduct and Professionalism Client Care Communication and Negotiation Health and Safety Accounting Principles and Procedures Business Planning Conflict Avoidance, Management and Dispute Resolution Procedures Data Management Diversity, Inclusion and Teamworking Inclusive Environments Sustainability Senior Professional Assessment Mandatory Competencies Submission and Interview Advice Practical and concise, with bullet point checklists and real-life examples and diagrams, this handy guide tells you everything you need to know about the RICS mandatory competencies when studying for your APC or your university exams. Relevant to candidates on all APC pathways, including Commercial Real Estate, Residential, Valuation, Quantity Surveying and Construction, Planning and Development, Building Surveying, Land and Resources, this book will also be a handy reference for qualified surveyors and property professionals. This book will also help you to better support your candidates if you are an APC or AssocRICS Counsellor or Supervisor. |
|
| 610 | 2 | 0 | _aRoyal Institution of Chartered Surveyors |
| 650 | 0 | _aAPC | |
| 650 | 0 | _aSurveying | |
| 650 | 7 | _aProperty & real estate | |
| 650 | 7 | _aEBOOK | |
| 690 |
_aAPC _96216 |
||
| 776 | 0 | 8 |
_iPrint version : _z9781032567785 |
| 856 | 4 | 0 |
_uhttps://www.vlebooks.com/product/openreader?id=RICS&accId=9491556&isbn=9781040010228 _zAvailable on VLeBooks (email [email protected] if you do not have a login) |
| 942 | _2ddc | ||
| 999 |
_c121915 _d121915 |
||